Los sistemas interamericano y europeo de protección de los derechos humanos: una introducción desde la perspectiva del diálogo entre tribunales

Збережено в:
Бібліографічні деталі
Автори: López Guerra, Luis (autor), Saiz Arnaiz, Alejandro (Автор)
Формат: Книга
Мова:Іспанська
Опубліковано: Lima Palestra Editores 2015
Предмети:
Теги: Додати тег
Немає тегів, Будьте першим, хто поставить тег для цього запису!

MARC

LEADER 00000cam a2200000 a 4500
001 UCC9197
003 CL-VaPUC
008 190914e20150000pe |||||||||||||||||spa|d
020 |a 9786124218248 
082 0 4 |a 341.481  |b LOP  |2 21 
100 |a López Guerra, Luis  |e autor  |9 604573 
700 0 |a Saiz Arnaiz, Alejandro  |e author  |9 604114 
245 1 4 |a Los sistemas interamericano y europeo de protección de los derechos humanos: una introducción desde la perspectiva del diálogo entre tribunales 
300 |a 398 p 
942 |c BK 
945 |d 20190914 23:07:00  |a cmena 
260 |a Lima  |b Palestra Editores  |c 2015 
650 0 |a Derechos humanos  |9 223025 
650 0 |a Derecho internacional  |9 255637 
650 7 |a PROTECCION DE LOS DERECHOS HUMANOS  |2 CL-VaPUC  |9 452271 
650 0 |a Tribunales internacionales   |9 256072 
583 |a last modification  |c 20190914 23:07:00  |k Rodrigo Vera 
999 |c 375391  |d 375389 
952 |0 0  |1 0  |3 erb  |4 0  |6 341_481000000000000_LOP_2015  |7 0  |8 WP_COW  |9 561332  |a BIBDER  |b BIBDER  |e Fundación W and P Cowley  |i 5600065  |o 341.481 LOP 2015  |p 5600065  |r 2023-01-25  |w 2020-03-12  |y BK  |z Catalogado en:20190914  |k WPC